Statistics for US Open Tennis Men's Finalists

Click here to take the quiz!

General Stats

  • This quiz has been taken 156 times
  • The average score is 31 of 49

Answer Stats

CountryPlayer% Correct
ESPRafael Nadal
99%
SUIRoger Federer
99%
SRBNovak Djokovic
98%
GBRAndy Murray
93%
USAAndre Agassi
89%
RUSDaniil Medvedev
87%
USAPete Sampras
86%
SWEBjörn Borg
85%
ESPCarlos Alcaraz
85%
SUIStan Wawrinka
85%
USAJohn McEnroe
83%
ARGJuan Martín del Potro
83%
USAAndy Roddick
81%
NORCasper Ruud
79%
TCHIvan Lendl
79%
GERAlexander Zverev
78%
AUTDominic Thiem
77%
FRGBoris Becker
76%
JPNKei Nishikori
74%
CROMarin Čilić
74%
AUSLleyton Hewitt
73%
AUSLleyton Hewitt
73%
USAJimmy Connors
72%
SWEStefan Edberg
71%
AUSRod Laver
68%
RUSMarat Safin
67%
RSAKevin Anderson
64%
USAArthur Ashe
62%
SWEMats Wilander
60%
USAJim Courier
59%
AUSPatrick Rafter
59%
ESPJuan Carlos Ferrero
58%
ARGGuillermo Vilas
55%
ROUIlie Năstase
53%
USAMichael Chang
53%
AUSJohn Newcombe
49%
GERMichael Stich
44%
AUSKen Rosewall
43%
USAStan Smith
40%
AUSMark Philippoussis
36%
GBRGreg Rusedski
33%
TCHJan Kodeš
32%
ESPManuel Orantes
30%
USAVitas Gerulaitis
29%
FRACédric Pioline
28%
USATodd Martin
26%
NEDTom Okker
25%
AUSTony Roche
21%
TCHMiloslav Mečíř
20%

Score Distribution

Percentile by Number Answered

Percent of People with Each Score

Your Score History

You have not taken this quiz